00370nam a22001091i 4500082001800000100002000018245009600038260003600134300004500170526003700215650000800252 a957.0317bSED1 aSedgwick, F. R.14aThe Indian mutiny of 1857 :ba sketch of the principal military events /cby F.R. Sedgwick. aLondon :bForster Groom,c1909. a160 p., [5] leaves :b5 maps (in pocket) a0b0c0d957_031700000000000_SED aMCE